000 00339nam a2200145Ia 4500
005 20251222141811.0
008 251222s9999||||xx |||||||||||||| ||spa||
020 _a0-15-508481-X
082 _a415/F81/Ej.2
100 _aFromkin, Victoria
245 3 _aAn Introduction to Language
250 _a7a.ed.
264 _bThomaon
942 _cLIB
999 _c6488
_d6488